[Event "Mistrzostwa Polski Juniorow do lat 18 - Chlopcy"]
[Site "Szklarska Poreba"]
[Date "1899-12-30"]
[Round "8.14"]
[White "Ossolinski, Ziemowit"]
[Black "Skowron, Mateusz"]
[Result "1-0"]
[WhiteTitle "I+"]
[BlackTitle "I"]
[WhiteElo "1880"]
[BlackElo "1729"]

1. e4 c6 2. d4 d5 3. e5 Bf5 4. h4 h5 5. Bd3 Bxd3 6. Qxd3 e6 7. Bg5 Qb6 8. Nd2 c5
9. c4 Qxb2 10. Rd1 Qxd4 11. Qb3 Qxe5+ 12. Ne2 Nd7 13. Bf4 Qf6 14. Qxb7 Qd8 15.
cxd5 Qc8 16. Qb3 e5 17. Qe3 Bd6 18. Nc4 Qc7 19. Nc3 Rb8 20. Bxe5 Nxe5 21. f4 Kf8
22. fxe5 Re8 23. Nb5 Bxe5 24. Nxc7 Bg3+ 25. Kd2 Rxe3 26. Kxe3 Bxc7 27. d6 Bd8
28. Rb1 Nf6 29. Rb8 Ke8 30. Ne5 Nd7 31. Rxd8+ Kxd8 32. Nxf7+ 1-0

[Event "Mistrzostwa Polski Juniorow do lat 18 - Chlopcy"]
[Site "Szklarska Poreba"]
[Date "1899-12-30"]
[Round "8.15"]
[White "Pytel, Maciej"]
[Black "Maciejewski, Kamil"]
[Result "1-0"]
[WhiteTitle "k"]
[BlackTitle "I++"]
[WhiteElo "1919"]
[BlackElo "1791"]

1. f4 c5 2. Nf3 Nc6 3. e4 g6 4. g3 Bg7 5. Bg2 e6 6. d3 Nge7 7. O-O d6 8. c3 O-O
9. Be3 Rb8 10. a4 a6 11. Kh1 b5 12. axb5 axb5 13. d4 cxd4 14. Nxd4 Bd7 15. Qd3
d5 16. e5 Nxd4 17. Bxd4 b4 18. Qd2 b3 19. Bc5 Re8 20. Rd1 Bc6 21. Ra3 Ra8 22.
Qf2 Rxa3 23. Bxa3 Qa5 24. Nd2 Nc8 25. Rc1 Qb5 26. Qc5 Qa4 27. Qb4 Qxb4 28. Bxb4
Nb6 29. Nxb3 Nc4 30. Nd4 Bb7 31. b3 Ne3 32. Bf3 Nf5 33. Nxf5 gxf5 34. c4 Bf8 35.
Bxf8 Kxf8 36. cxd5 Bxd5 37. Bxd5 exd5 38. Rc5 Rd8 39. Kg1 Kg7 40. b4 Rd7 41. b5
d4 42. Kf1 Ra7 43. Ke2 Ra3 44. Rd5 Rb3 45. Rxd4 Rxb5 46. Rd6 Rb2+ 47. Rd2 Rb6
48. Kf3 Re6 49. Rd3 Rg6 50. Rd7 Rh6 51. Kg2 Re6 52. Rd6 Kg6 53. Kh3 Kh5 54. Rd7
Kg6 55. Kh4 h6 56. Rd8 Kg7 57. Rd6 Rg6 58. Kh5 Kh7 59. Rf6 Kg7 60. Rxf5 Ra6 61.
Rf6 Ra2 62. h4 Rg2 63. g4 Rf2 64. g5 hxg5 65. hxg5 Rg2 66. Rb6 Rg1 67. Rb7 Re1
68. Kg4 Re2 69. Kf5 Kg8 70. Kf6 Rf2 71. f5 Re2 72. Rb8+ Kh7 73. g6+ fxg6 74. fxg6+
Kh6 75. Rh8# 1-0

[Event "Mistrzostwa Polski Juniorow do lat 18 - Chlopcy"]
[Site "Szklarska Poreba"]
[Date "1899-12-30"]
[Round "8.16"]
[White "Musial, Tomasz"]
[Black "Dzwierzynski, Bartosz"]
[Result "1/2-1/2"]
[WhiteTitle "k"]
[BlackTitle "I"]
[WhiteElo "2051"]
[BlackElo "1944"]

1. d4 Nf6 2. c4 c5 3. d5 b5 4. cxb5 a6 5. e3 g6 6. Nc3 Bg7 7. Nf3 d6 8. a4 O-O
9. Ra3 Nbd7 10. e4 Ng4 11. h3 Nge5 12. Nd2 axb5 13. Bxb5 Ba6 14. Bxa6 Rxa6 15.
Qe2 Nb8 16. O-O Ra8 17. f4 Ned7 18. Nc4 Nb6 19. Be3 Nxc4 20. Qxc4 Na6 21. Rb1
Qa5 22. Nb5 Rfb8 23. Bf2 Qd2 24. Rf3 Qb4 25. Qxb4 Nxb4 26. b3 f5 27. exf5 Nxd5
28. Rd1 Nf6 29. fxg6 hxg6 30. g4 Ne4 31. Bh4 Kf7 32. Bxe7 Rxb5 33. axb5 Bd4+ 34.
Rxd4 cxd4 35. Bh4 Ra1+ 36. Rf1 Ra5 37. Rd1 Nc3 38. Rd2 Rxb5 39. Bf2 Rxb3 40. Bxd4
Nd5 1/2-1/2

[Event "Mistrzostwa Polski Juniorow do lat 18 - Chlopcy"]
[Site "Szklarska Poreba"]
[Date "1899-12-30"]
[Round "8.17"]
[White "Posluszny, Tomasz"]
[Black "Kucharski, Bartlomiej"]
[Result "0-1"]
[WhiteTitle "I++"]
[BlackTitle "I++"]
[WhiteElo "2023"]
[BlackElo "2050"]

1. d4 d6 2. Nf3 g6 3. c4 Bg7 4. Nc3 Nf6 5. e4 O-O 6. Be2 c6 7. O-O Qc7 8. Re1 Bg4
9. Be3 Nbd7 10. Qc2 e5 11. h3 Bxf3 12. Bxf3 Rac8 13. Rad1 Rfd8 14. Qb1 Nf8 15.
Be2 h5 16. d5 Kh7 17. g4 hxg4 18. hxg4 Kg8 19. g5 N6h7 20. Bg4 Ra8 21. Qd3 f6
22. gxf6 Bxf6 23. c5 Be7 24. Qc4 Kg7 25. cxd6 Bxd6 26. dxc6 bxc6 27. Rd2 Nf6 28.
Bh3 Rab8 29. a3 a5 30. Rc1 Qb7 31. f3 Nh5 32. Bg5 Be7 33. Rxd8 Rxd8 34. Be3 Qxb2
35. Bf1 Qxa3 36. Qxc6 Nf4 37. Qa4 Rc8 38. Qxa3 Bxa3 39. Rc2 N8e6 40. Ba6 Rc7 41.
Bd2 Nd4 42. Ra2 Nxf3+ 43. Kh1 Bb4 44. Bxf4 exf4 45. Nd5 Rc1+ 46. Kg2 Nh4+ 47.
Kh3 g5 48. Nxb4 Rh1+ 49. Kg4 Kh6 50. Be2 Rg1+ 51. Kh3 axb4 52. Kh2 Rg2+ 53. Kh1
b3 54. Ra6+ Kg7 55. Ra7+ Kf6 56. e5+ Kxe5 57. Ra5+ Kd4 58. Bc4 Ra2 59. Rxa2 bxa2
60. Bxa2 g4 61. Kg1 g3 62. Bb3 Ke3 63. Be6 f3 64. Bh3 f2+ 65. Kf1 g2+ 0-1

[Event "Mistrzostwa Polski Juniorow do lat 18 - Chlopcy"]
[Site "Szklarska Poreba"]
[Date "1899-12-30"]
[Round "8.18"]
[White "Chaczynski, Kamil"]
[Black "Majocha, Piotr"]
[Result "1-0"]
[WhiteTitle "I+"]
[BlackTitle "I++"]
[WhiteElo "1894"]
[BlackElo "1890"]

1. e4 e6 2. d4 d5 3. Nc3 Bb4 4. e5 c5 5. a3 Bxc3+ 6. bxc3 Ne7 7. Qg4 O-O 8. Bd3
f5 9. exf6 Rxf6 10. Bg5 Rf7 11. Qh5 g6 12. Qd1 cxd4 13. cxd4 Qc7 14. Nf3 Nbc6
15. O-O e5 16. Nxe5 Nxe5 17. dxe5 Qxe5 18. Qd2 Bd7 19. Rfe1 Qd6 20. Bc4 Bc6 21.
Bb3 Qc5 22. Re5 Raf8 23. Rae1 Nc8 24. Be3 Qxa3 25. Bd4 Nb6 26. Re6 Bd7 27. Ra1
Qxa1+ 28. Bxa1 Bxe6 29. Qd4 Re7 30. Bc3 Rd7 31. Qh8+ Kf7 32. Qf6+ Ke8 33. Qxe6+
Re7 34. Qd6 Rf5 35. g4 Rf3 36. Bd4 Rd7 37. Qb8+ Ke7 38. Bc5+ Kf6 39. Bxb6 axb6
40. Qf8+ Rf7 41. Qxf7+ 1-0

[Event "Mistrzostwa Polski Juniorow do lat 18 - Chlopcy"]
[Site "Szklarska Poreba"]
[Date "1899-12-30"]
[Round "8.19"]
[White "Kulesza, Andrzej"]
[Black "Rogala, Milosz"]
[Result "1-0"]
[WhiteTitle "I+"]
[BlackTitle "I"]
[WhiteElo "1928"]
[BlackElo "1843"]

1. e4 d5 2. exd5 Nf6 3. Bb5+ Bd7 4. Be2 Nxd5 5. d4 g6 6. c4 Nb6 7. Be3 Bg7 8. Nf3
O-O 9. h3 Bf5 10. Nc3 Nc6 11. O-O e5 12. d5 Ne7 13. Qd2 Bc8 14. Rfd1 Nf5 15. Bc5
Re8 16. Ne4 Nd7 17. Be3 b6 18. b4 Nf8 19. c5 Nxe3 20. fxe3 f5 21. Nc3 bxc5 22.
bxc5 Qe7 23. Rac1 Bh6 24. d6 cxd6 25. cxd6 Qd8 26. Bc4+ Kh8 27. Bf7 Be6 28. Bxe8
Qxe8 29. Kh1 Nd7 30. Nb5 Rb8 31. Nxa7 Ra8 32. Rc7 Bf8 33. Rdc1 Qb8 34. Qa5 Qb2
35. Qa6 Qf2 36. Qc6 Rd8 37. Ng5 Bg8 38. Nf3 Nf6 39. Qc2 Qxe3 40. Re1 Qf4 41. d7
e4 42. Qc1 Qg3 43. Nd2 Bd6 44. Nf1 Qh4 45. Rc6 Be5 46. Rd1 Ng4 47. Qc5 Bg7 48.
Kg1 Ne5 49. Rcd6 Nd3 50. R1xd3 exd3 51. Nc6 Qf4 52. Nxd8 Be5 53. Nf7+ Bxf7 54.
d8=Q+ Kg7 55. Rxd3 1-0

[Event "Mistrzostwa Polski Juniorow do lat 18 - Chlopcy"]
[Site "Szklarska Poreba"]
[Date "1899-12-30"]
[Round "8.20"]
[White "Zerebiec, Maurycy"]
[Black "Distel, Pawel"]
[Result "0-1"]
[WhiteTitle "I+"]
[BlackTitle "I"]
[WhiteElo "1982"]
[BlackElo "1950"]

1. e4 e6 2. d4 d5 3. exd5 exd5 4. Bd3 Nf6 5. Ne2 c5 6. c3 c4 7. Bc2 Be7 8. h3 O-O
9. O-O Nc6 10. Bf4 Nh5 11. Bh2 f5 12. f4 Nf6 13. Nd2 Be6 14. Nf3 Ne4 15. Ne5 Qd6
16. Kh1 b5 17. Qe1 a5 18. Bxe4 dxe4 19. g4 g6 20. Bg3 Bf6 21. Bh4 Bg7 22. Ng3
Ra7 23. gxf5 Bxf5 24. Kh2 Qe6 25. Nxe4 Nxe5 26. fxe5 h6 27. Qe3 g5 28. Bg3 Re7
29. h4 Qg6 30. Nd2 Qh5 31. Qf3 Bg4 32. Qd5+ Be6 33. Rxf8+ Bxf8 34. Qe4 gxh4 35.
Bxh4 Rg7 36. Rg1 Bg4 37. Qd5+ Kh7 38. Nf3 Bxf3 39. Rxg7+ Bxg7 40. Qd8 Qg6 41.
Bg3 Qc2+ 42. Kh3 Qg2+ 43. Kh4 Qh1+ 44. Bh2 Qxh2# 0-1